Les Competències municipals en la legislació sectorial de l'Estat i de la Comunitat Autònoma de Catalunya / Carles Pareja i Lozano, Gemma Segura López
Descripción Física:
276 p. ; 23'5 cm
Colección:
Biblioteca Prat de la Riba ; 10
Otros Autores:
Segura López, Gemma
MARC
| LEADER | 00000nam a2200000Ia 4500 | ||
|---|---|---|---|
| 001 | 9834 | ||
| 008 | 160829s1992 xx 000 0 cat d | ||
| 080 | |a M-2-77 | ||
| 100 | |a Pareja i Lozano, Carles |9 23475 | ||
| 245 | |a Les Competències municipals en la legislació sectorial de l'Estat i de la Comunitat Autònoma de Catalunya / Carles Pareja i Lozano, Gemma Segura López | ||
| 260 | |a Barcelona : |b Diputació de Barcelona, |c 1992 | ||
| 300 | |a 276 p. ; |c 23'5 cm | ||
| 490 | |a Biblioteca Prat de la Riba ; 10 | ||
| 650 | 0 | |a Municipis |x Govern i administració |z Catalunya |9 40824 | |
| 700 | |a Segura López, Gemma |9 123 | ||
| 901 | |a Arxiu | ||
| 942 | |n 1 | ||
| 952 | |0 0 |1 0 |4 0 |6 M277 |7 1 |9 43500 |a Arxiu |b Arxiu |d 2016-12-01 |l 0 |o M-2-77 |p 9834 |r 2016-12-01 00:00:00 |w 2016-12-01 |y ARXIU | ||
| 999 | |c 46046 |d 46046 | ||